[Event "21.Wörishofen-Seniorenen op"]
[Site "Bad Wörishofen (03.03.-11.03)"]
[Date "2005.03.04"]
[Round "2.34"]
[White "Miessner, Rolf"]
[Black "Delander, Adolf"]
[Result "0-1"]
[WhiteElo "1695"]
[BlackElo "2030"]
[PlyCount "32"]
[EventDate "2005.03.??"]
[Source "Chessorg"]
[SourceDate "2005.12.10"]

1. e4 c6 2. d4 d5 3. exd5 cxd5 4. Bd3 Nc6 5. c3 g6 6. Nf3 Bg7 7. O-O Nh6 8. Bf4
O-O 9. Re1 f6 10. Qe2 Nf7 11. Nbd2 e5 12. Bg3 e4 13. Nxe4 dxe4 14. Bxe4 Bg4 15.
h3 Bxf3 16. Bxf3 Qb6 0-1

[Event "21.Wörishofen-Seniorenen op"]
[Site "Bad Wörishofen (03.03.-11.03)"]
[Date "2005.03.04"]
[Round "2.35"]
[White "Fanenbruck, Guenter"]
[Black "Fischer, Ernst[37Weiden]"]
[Result "0-1"]
[WhiteElo "1569"]
[BlackElo "1940"]
[PlyCount "82"]
[EventDate "2005.03.??"]
[Source "Chessorg"]
[SourceDate "2005.12.10"]

1. e4 c5 2. Nf3 a6 3. c3 d5 4. exd5 Qxd5 5. d4 e6 6. Be3 cxd4 7. Qxd4 Nf6 8.
Nbd2 Nc6 9. Qb6 Be7 10. Nc4 O-O 11. Rd1 Qb5 12. Nce5 Qxb6 13. Bxb6 Nxe5 14.
Nxe5 Nd5 15. Bd4 f6 16. Nc4 b5 17. Ne3 Bb7 18. f3 Rfd8 19. Be2 Nf4 20. Kf2 Kf7
21. Bb6 Rd6 22. Rxd6 Bxd6 23. Rd1 Ke7 24. Nc2 Nd5 25. Be3 e5 26. Bd3 Ke6 27. g4
g6 28. h4 f5 29. g5 Rc8 30. Bd2 Bc5+ 31. Kg2 Rd8 32. Be2 Nf4+ 33. Bxf4 Rxd1 34.
Bxd1 exf4 35. Kf1 Bd5 36. a3 Bc4+ 37. Kg2 a5 38. b4 axb4 39. axb4 Bb6 40. Na3
Be3 41. Nxc4 bxc4 0-1

[Event "21.Wörishofen-Seniorenen op"]
[Site "Bad Wörishofen (03.03.-11.03)"]
[Date "2005.03.04"]
[Round "2.36"]
[White "Weber, Gerhard,Dr.[34Levk]"]
[Black "Richter, Helmut[27Mühlacker]"]
[Result "1/2-1/2"]
[WhiteElo "1783"]
[BlackElo "1692"]
[PlyCount "58"]
[EventDate "2005.03.??"]
[Source "Chessorg"]
[SourceDate "2005.12.10"]

1. e4 c5 2. Nf3 d6 3. d4 cxd4 4. Nxd4 Nf6 5. Bd3 Nc6 6. Ne2 e6 7. O-O Be7 8. b3
O-O 9. Bb2 e5 10. h3 d5 11. Nd2 dxe4 12. Nxe4 Nxe4 13. Bxe4 Bf6 14. Ng3 g6 15.
Qxd8 Rxd8 16. Rad1 Be6 17. Bxc6 bxc6 18. Ne4 Bg7 19. c4 f5 20. Nc5 Kf7 21. Nb7
Rd7 22. Rxd7+ Bxd7 23. Rd1 Bc8 24. Nd6+ Ke6 25. Nxc8 Rxc8 26. f4 Rc7 27. fxe5
Bxe5 28. Bxe5 Kxe5 29. Re1+ Kf6 1/2-1/2

[Event "21.Wörishofen-Seniorenen op"]
[Site "Bad Wörishofen (03.03.-11.03)"]
[Date "2005.03.04"]
[Round "2.37"]
[White "Hausner, Alfreda"]
[Black "Urban, Rudolf[39RTA]"]
[Result "1/2-1/2"]
[WhiteElo "1765"]
[BlackElo "1812"]
[PlyCount "25"]
[EventDate "2005.03.??"]
[Source "Chessorg"]
[SourceDate "2005.12.10"]

1. d4 Nf6 2. Nf3 d5 3. e3 Bg4 4. Be2 e6 5. Nbd2 Bd6 6. h3 Bh5 7. c3 c6 8. Qc2
Bg6 9. Bd3 Bxd3 10. Qxd3 Nbd7 11. e4 dxe4 12. Nxe4 Nxe4 13. Qxe4 1/2-1/2

[Event "21.Wörishofen-Seniorenen op"]
[Site "Bad Wörishofen (03.03.-11.03)"]
[Date "2005.03.04"]
[Round "2.38"]
[White "Richter, Helmut[41W'kraib]"]
[Black "Niebaum, Karl"]
[Result "0-1"]
[WhiteElo "1538"]
[BlackElo "1774"]
[PlyCount "52"]
[EventDate "2005.03.??"]
[Source "Chessorg"]
[SourceDate "2005.12.10"]

1. d4 d5 2. c4 e6 3. Nc3 Nf6 4. Nf3 Nbd7 5. cxd5 exd5 6. Bg5 c6 7. e3 Qa5 8.
Bxf6 Nxf6 9. Bd3 Bd6 10. O-O O-O 11. a3 a6 12. b4 Qd8 13. Qc2 Re8 14. Rfe1 Bg4
15. Be2 Bh5 16. h3 Bg6 17. Qc1 Ne4 18. Nxe4 dxe4 19. Nd2 Qg5 20. Nf1 Bf5 21.
Kh1 Re6 22. Bg4 Bxg4 23. hxg4 Qxg4 24. Qd1 Rh6+ 25. Kg1 Qh4 26. f4 exf3 0-1

[Event "21.Wörishofen-Seniorenen op"]
[Site "Bad Wörishofen (03.03.-11.03)"]
[Date "2005.03.04"]
[Round "2.39"]
[White "Buss, Richard"]
[Black "Fleckner, Hans"]
[Result "0-1"]
[WhiteElo "1373"]
[BlackElo "1723"]
[PlyCount "80"]
[EventDate "2005.03.??"]
[Source "Chessorg"]
[SourceDate "2005.12.10"]

1. d4 Nf6 2. c4 e6 3. Nc3 Bb4 4. Bd2 O-O 5. a3 Be7 6. e4 d6 7. Be2 Nbd7 8. Nf3
b6 9. Qc2 Bb7 10. h3 Rc8 11. Rc1 Re8 12. O-O c5 13. Qd3 cxd4 14. Nxd4 Nc5 15.
Qc2 Ncxe4 16. Nxe4 Bxe4 17. Bd3 d5 18. Ne2 Rxc4 19. Qb3 Bxd3 20. Qxd3 Rxc1 21.
Rxc1 Qd7 22. f3 Rc8 23. Bc3 Ne8 24. Kh1 Bf6 25. Bxf6 Rxc1+ 26. Nxc1 Nxf6 27.
Ne2 Qc7 28. Nc3 Qc4 29. Qd2 d4 30. Kg1 Nd5 31. Nxd5 Qxd5 32. Qd1 Qc5 33. Qd3
Qc1+ 34. Kh2 Qxb2 35. Qa6 g6 36. Qxa7 d3 37. Qb8+ Kg7 38. Qd6 d2 39. a4 e5 40.
Kg3 Qd4 0-1

[Event "21.Wörishofen-Seniorenen op"]
[Site "Bad Wörishofen (03.03.-11.03)"]
[Date "2005.03.04"]
[Round "2.40"]
[White "Neumann, Erwin"]
[Black "Oser, Thor"]
[Result "1-0"]
[WhiteElo "1769"]
[BlackElo "1631"]
[PlyCount "95"]
[EventDate "2005.03.??"]
[Source "Chessorg"]
[SourceDate "2005.12.10"]

1. e4 c5 2. Nf3 Nc6 3. d4 cxd4 4. Nxd4 a6 5. a4 e6 6. Bc4 Nf6 7. Nxc6 bxc6 8.
Qe2 d5 9. exd5 cxd5 10. Bd3 Qc7 11. O-O Be7 12. Nd2 e5 13. f3 O-O 14. c4 Bb7
15. cxd5 Nxd5 16. Nc4 Bc5+ 17. Kh1 Rae8 18. Be4 f5 19. Bxd5+ Bxd5 20. Ne3 Bb7
21. Qc4+ Kh8 22. b4 Bb6 23. Qxc7 Bxc7 24. Ba3 Rf7 25. Rad1 h5 26. Nc4 e4 27.
fxe4 Rxe4 28. Nd6 Bxd6 29. Rxd6 Re2 30. Rg1 Rc7 31. h3 Kh7 32. Kh2 h4 33. Rd4
Be4 34. b5 Rcc2 35. Rxe4 fxe4 36. b6 Rc3 37. Rb1 Rxa3 38. b7 Raa2 39. b8=Q
Rxg2+ 40. Kh1 Rg3 41. Qf4 Rxh3+ 42. Kg1 Raa3 43. Qf5+ g6 44. Rb7+ Kh6 45. Qf4+
g5 46. Qf6+ Kh5 47. Qf7+ Kg4 48. Qe6+ 1-0

[Event "21.Wörishofen-Seniorenen op"]
[Site "Bad Wörishofen (03.03.-11.03)"]
[Date "2005.03.04"]
[Round "2.41"]
[White "Mittelsteiner, Horst"]
[Black "Scheller, Gerhard"]
[Result "1/2-1/2"]
[WhiteElo "1614"]
[BlackElo "1453"]
[PlyCount "47"]
[EventDate "2005.03.??"]
[Source "Chessorg"]
[SourceDate "2005.12.10"]

1. e4 c6 2. d4 d5 3. exd5 cxd5 4. Bd3 Nc6 5. c3 Nf6 6. Bf4 e6 7. Nf3 h6 8. Nbd2
Be7 9. O-O O-O 10. Ne5 Nd7 11. Ndf3 Bf6 12. Re1 Ndxe5 13. dxe5 Be7 14. Nd4 Nxd4
15. cxd4 Bd7 16. a3 Bg5 17. Bxg5 Qxg5 18. g3 f5 19. f4 Qd8 20. b4 Qb6 21. Bf1
a6 22. Qd2 Rac8 23. Rec1 Bb5 24. Rc5 1/2-1/2

[Event "21.Wörishofen-Seniorenen op"]
[Site "Bad Wörishofen (03.03.-11.03)"]
[Date "2005.03.04"]
[Round "2.42"]
[White "Malin, Klaus"]
[Black "Narr, Irmgard"]
[Result "1-0"]
[WhiteElo "1691"]
[BlackElo "1449"]
[PlyCount "83"]
[EventDate "2005.03.??"]
[Source "Chessorg"]
[SourceDate "2005.12.10"]

1. e4 e6 2. d4 d5 3. Nc3 dxe4 4. Nxe4 Be7 5. Nf3 Nc6 6. c3 Nf6 7. Bd3 h6 8. O-O
b6 9. Nxf6+ Bxf6 10. Be4 Bb7 11. Qa4 Qd7 12. Bf4 O-O 13. Rad1 a6 14. d5 exd5
15. Bxd5 Rac8 16. Be4 Qe6 17. Bb1 Ne7 18. Qc2 Ng6 19. Nd4 Qg4 20. Bg3 Rfe8 21.
Nf5 Re2 22. Qb3 Nf4 23. Ne3 Nh3+ 24. Kh1 Rxe3 25. fxe3 Qe2 26. e4 Ng5 27. Rde1
Qg4 28. Rf4 Qd7 29. Rf2 Re8 30. Qc4 c5 31. Rfe2 Qg4 32. Re3 h5 33. Qe2 Qxe2 34.
R3xe2 g6 35. Bh4 Be7 36. e5 Ne6 37. Bxe7 Rxe7 38. Be4 Bc8 39. g3 Ng5 40. Bg2
Be6 41. h4 Nh7 42. a3 1-0

[Event "21.Wörishofen-Seniorenen op"]
[Site "Bad Wörishofen (03.03.-11.03)"]
[Date "2005.03.04"]
[Round "2.43"]
[White "Aigner, Georg"]
[Black "Gehrmann, Dorit"]
[Result "1/2-1/2"]
[WhiteElo "1823"]
[BlackElo "1890"]
[PlyCount "32"]
[EventDate "2005.03.??"]
[Source "Chessorg"]
[SourceDate "2005.12.10"]

1. e4 c5 2. Nf3 Nc6 3. d4 cxd4 4. Nxd4 Nf6 5. Nc3 d6 6. Be2 g6 7. O-O Bg7 8.
Be3 O-O 9. Qd2 Ng4 10. Nxc6 bxc6 11. Bxg4 Bxg4 12. Bd4 Bxd4 13. Qxd4 Qb6 14.
Qxb6 axb6 15. f4 Ra5 16. a4 Bd7 1/2-1/2

[Event "21.Wörishofen-Seniorenen op"]
[Site "Bad Wörishofen (03.03.-11.03)"]
[Date "2005.03.04"]
[Round "2.44"]
[White "Luecke, Volkmar"]
[Black "Erdmann, Wolfgang"]
[Result "1/2-1/2"]
[WhiteElo "1863"]
[BlackElo "1533"]
[PlyCount "52"]
[EventDate "2005.03.??"]
[Source "Chessorg"]
[SourceDate "2005.12.10"]

1. Nf3 d5 2. g3 Nf6 3. Bg2 e6 4. O-O b6 5. c4 c6 6. cxd5 cxd5 7. d4 Nc6 8. Bg5
Be7 9. Nc3 O-O 10. Rc1 Bb7 11. e3 h6 12. Bxf6 Bxf6 13. Re1 Rc8 14. Bf1 a6 15.
Bd3 Nb4 16. Bb1 b5 17. a3 Nc6 18. b4 Rc7 19. Qd3 g6 20. h4 Ne7 21. h5 Kg7 22.
hxg6 Nxg6 23. Ne2 Rh8 24. Nf4 Nxf4 25. exf4 Rc4 26. Nd2 Rxd4 1/2-1/2

[Event "21.Wörishofen-Seniorenen op"]
[Site "Bad Wörishofen (03.03.-11.03)"]
[Date "2005.03.04"]
[Round "2.45"]
[White "Fahnenschmidt, Gerhard,Dr."]
[Black "Kuhnert, Werner"]
[Result "1-0"]
[WhiteElo "2020"]
[BlackElo "1316"]
[PlyCount "53"]
[EventDate "2005.03.??"]
[Source "Chessorg"]
[SourceDate "2005.12.10"]

1. d4 d5 2. c4 e6 3. Nc3 Nf6 4. Bg5 Be7 5. Nf3 h6 6. Bxf6 Bxf6 7. e4 dxe4 8.
Nxe4 Be7 9. Bd3 Bb4+ 10. Nc3 Nc6 11. Be4 Na5 12. Qa4+ c6 13. Qxb4 Qb6 14. Qxb6
axb6 15. Nd2 c5 16. Nb5 O-O 17. a3 Nc6 18. dxc5 bxc5 19. Bxc6 bxc6 20. Nc3 Bb7
21. Nce4 Rad8 22. Nxc5 Bc8 23. Rd1 e5 24. Nf3 Bg4 25. Rxd8 Rxd8 26. Nxe5 Rd4
27. Nxg4 1-0

[Event "21.Wörishofen-Seniorenen op"]
[Site "Bad Wörishofen (03.03.-11.03)"]
[Date "2005.03.04"]
[Round "2.46"]
[White "Knebel, Willi"]
[Black "Frey, Walter"]
[Result "1-0"]
[WhiteElo "1937"]
[BlackElo "1707"]
[PlyCount "75"]
[EventDate "2005.03.??"]
[Source "Chessorg"]
[SourceDate "2005.12.10"]

1. e4 e6 2. d4 c5 3. d5 exd5 4. exd5 d6 5. Nf3 a6 6. a4 Nf6 7. Nc3 Be7 8. Be2
O-O 9. O-O Bg4 10. h3 Bxf3 11. Bxf3 Nbd7 12. a5 Re8 13. g4 Nf8 14. Bg2 Ng6 15.
f4 Nd7 16. Be4 Bf8 17. Qf3 Rb8 18. Bd3 Qc7 19. Ra4 Re7 20. Qg3 Rbe8 21. h4 Nh8
22. Ne4 f6 23. h5 Nf7 24. g5 f5 25. Nf6+ Nxf6 26. gxf6 Rd7 27. Bxf5 Rdd8 28.
Be6 Kh8 29. f5 Ne5 30. h6 g6 31. fxg6 hxg6 32. f7 Rxe6 33. dxe6 Be7 34. Bg5 Kh7
35. Bf6 Bxf6 36. Rxf6 Kxh6 37. f8=Q+ Rxf8 38. Rxf8 1-0

[Event "21.Wörishofen-Seniorenen op"]
[Site "Bad Wörishofen (03.03.-11.03)"]
[Date "2005.03.04"]
[Round "2.47"]
[White "Selg, Rudolf"]
[Black "Kluge, Hans-Christof"]
[Result "1-0"]
[WhiteElo "1807"]
[BlackElo "1566"]
[PlyCount "65"]
[EventDate "2005.03.??"]
[Source "Chessorg"]
[SourceDate "2005.12.10"]

1. e4 d6 2. d4 Nf6 3. Nc3 g6 4. f3 Bg7 5. Be3 O-O 6. Qd2 a6 7. Nge2 Nbd7 8. g4
e5 9. d5 b6 10. Ng3 Nc5 11. h4 h5 12. gxh5 Nxh5 13. Nxh5 gxh5 14. Bh6 Qf6 15.
Rg1 Qxh4+ 16. Kd1 Bg4 17. fxg4 hxg4 18. Bxg7 Kxg7 19. Qg2 f5 20. exf5 Rxf5 21.
Qxg4+ Qxg4+ 22. Rxg4+ Kf6 23. Be2 Rh8 24. Kd2 e4 25. Rag1 Rh3 26. Rg6+ Ke5 27.
Kc1 Rf7 28. Bg4 Rh2 29. Bd1 b5 30. b4 Nd7 31. Re6+ Kd4 32. Rxe4+ Kxc3 33. Rg3+
1-0

[Event "21.Wörishofen-Seniorenen op"]
[Site "Bad Wörishofen (03.03.-11.03)"]
[Date "2005.03.04"]
[Round "2.48"]
[White "Schoen, Siegfried"]
[Black "Herzel, Alois,Dr."]
[Result "1/2-1/2"]
[WhiteElo "1545"]
[BlackElo "1714"]
[PlyCount "39"]
[EventDate "2005.03.??"]
[Source "Chessorg"]
[SourceDate "2005.12.10"]

1. e4 c5 2. c3 d5 3. exd5 Qxd5 4. d4 Nc6 5. Nf3 Nf6 6. Be2 cxd4 7. cxd4 e6 8.
Nc3 Qd8 9. O-O Be7 10. Be3 O-O 11. a3 Nd5 12. Nxd5 Qxd5 13. Rc1 Rd8 14. Bc4 Qh5
15. Ne5 Qxd1 16. Rfxd1 Nxe5 17. dxe5 Bd7 18. h3 Bc6 19. Bb3 Rxd1+ 20. Rxd1
1/2-1/2

[Event "21.Wörishofen-Seniorenen op"]
[Site "Bad Wörishofen (03.03.-11.03)"]
[Date "2005.03.04"]
[Round "2.49"]
[White "Block, Herbert"]
[Black "Huhn, Ulrich"]
[Result "0-1"]
[WhiteElo "1402"]
[BlackElo "1708"]
[PlyCount "68"]
[EventDate "2005.03.??"]
[Source "Chessorg"]
[SourceDate "2005.12.10"]

1. c4 d5 2. cxd5 Nf6 3. Nc3 Nxd5 4. e4 Nxc3 5. bxc3 e5 6. Bc4 Nc6 7. Qb3 Qf6 8.
Nf3 h6 9. d3 Bc5 10. h3 O-O 11. Qb2 Bb6 12. Be3 Rd8 13. O-O Bxh3 14. Nh2 Qg6
15. g3 Bxf1 16. Rxf1 Na5 17. Nf3 Nxc4 18. dxc4 Bxe3 19. fxe3 Qxg3+ 20. Qg2
Qxg2+ 21. Kxg2 f6 22. Nh4 Rd3 23. Nf5 Rad8 24. Kf3 Rxc3 25. Rg1 g5 26. Nxh6+
Kf8 27. Nf5 Ke8 28. Rh1 Kd7 29. Rh7+ Kc8 30. Ne7+ Kb8 31. Nd5 Rxc4 32. Nxf6 a6
33. Re7 Rf8 34. Kg4 Rxf6 0-1

[Event "21.Wörishofen-Seniorenen op"]
[Site "Bad Wörishofen (03.03.-11.03)"]
[Date "2005.03.04"]
[Round "2.50"]
[White "Hommann, Horst"]
[Black "Garbe, Heinz"]
[Result "1-0"]
[WhiteElo "1609"]
[BlackElo "1464"]
[PlyCount "68"]
[EventDate "2005.03.??"]
[Source "Chessorg"]
[SourceDate "2005.12.10"]

1. Nf3 Nf6 2. c4 e6 3. Nc3 Nc6 4. a3 Be7 5. d4 d5 6. e3 O-O 7. Bd3 dxc4 8. Bxc4
a6 9. b4 Na7 10. O-O b5 11. Bd3 Bb7 12. Bb2 Nd5 13. Rc1 Nxc3 14. Rxc3 Bf6 15.
Qc2 Rc8 16. Bxh7+ Kh8 17. Be4 c6 18. Ra1 Qe7 19. Rc5 Rfd8 20. Rh5+ Kg8 21. Ne5
Bxe5 22. Rxe5 Rd5 23. Bxd5 cxd5 24. Qe2 g6 25. Qg4 Kf8 26. Rg5 Qf6 27. Rd1 Ke7
28. h4 Rh8 29. h5 gxh5 30. Rxh5 Rxh5 31. Qxh5 Kd7 32. Rc1 Qg6 33. Qxg6 fxg6 34.
Rc2 Nc8 1-0

[Event "21.Wörishofen-Seniorenen op"]
[Site "Bad Wörishofen (03.03.-11.03)"]
[Date "2005.03.04"]
[Round "2.51"]
[White "Weibrecht, Carl"]
[Black "Rudolph, Joachim"]
[Result "0-1"]
[WhiteElo "1471"]
[BlackElo "1683"]
[PlyCount "68"]
[EventDate "2005.03.??"]
[Source "Chessorg"]
[SourceDate "2005.12.10"]

1. c4 e6 2. Nc3 f5 3. Nf3 Nf6 4. d3 Be7 5. g3 O-O 6. Bg2 Nc6 7. O-O Bd6 8. Re1
Ne5 9. Nxe5 Bxe5 10. d4 Bd6 11. c5 Be7 12. b4 d5 13. cxd6 cxd6 14. a4 d5 15.
Be3 Bd7 16. f3 Rc8 17. Rc1 a5 18. Na2 Rxc1 19. Bxc1 axb4 20. Qb3 Qa5 21. Bd2
Bxa4 22. Qb2 Rc8 23. Bxb4 Bxb4 24. Nxb4 Rc4 25. Rb1 b5 26. e3 Qc7 27. Bf1 Rc3
28. Kf2 Rb3 29. Qxb3 Bxb3 30. Rxb3 Qa5 31. Be2 Qa4 32. Bd1 Ne8 33. Rb1 Qa5 34.
Be2 Nd6 0-1

[Event "21.Wörishofen-Seniorenen op"]
[Site "Bad Wörishofen (03.03.-11.03)"]
[Date "2005.03.04"]
[Round "2.52"]
[White "Antusch, Ingrid"]
[Black "Duer, Maria"]
[Result "0-1"]
[WhiteElo "1422"]
[BlackElo "1694"]
[PlyCount "140"]
[EventDate "2005.03.??"]
[Source "Chessorg"]
[SourceDate "2005.12.10"]

1. f4 d5 2. Nf3 Nf6 3. e3 Bg4 4. d4 e6 5. Bd3 Nbd7 6. Nbd2 a6 7. O-O c5 8. c3
Bd6 9. Qe1 c4 10. Bc2 Qe7 11. Ne5 Bf5 12. Bxf5 exf5 13. b3 b5 14. Ndf3 Rc8 15.
Ng5 O-O 16. b4 h6 17. Ngf3 Ne4 18. Nh4 Qe6 19. Bd2 Be7 20. Nhf3 Ndf6 21. Rd1
Bd8 22. Qe2 Nxd2 23. Rxd2 Ne4 24. Rc2 Kh7 25. Nd2 f6 26. Nef3 Re8 27. Nh4 Nxd2
28. Qxd2 Qxe3+ 29. Qxe3 Rxe3 30. Nxf5 Re6 31. Ng3 Bc7 32. Re2 Rce8 33. Rxe6
Rxe6 34. f5 Re3 35. Rf3 Re1+ 36. Nf1 Ra1 37. Rf2 Rc1 38. Rf3 Rc2 39. g3 Rxa2
40. Ne3 a5 41. Nxd5 Bd6 42. bxa5 Rxa5 43. Nb6 Ra6 44. Nd5 Ra3 45. Kg2 Rb3 46.
Nb6 Ba3 47. d5 Rb2+ 48. Kh3 Rd2 49. g4 Bd6 50. Kh4 Rxh2+ 51. Rh3 Rd2 52. Re3
Bc5 53. Re6 Bxb6 54. Rxb6 Rxd5 55. Rb7 Rd3 56. Rxb5 Rxc3 57. Rc5 Rc1 58. Kg3 c3
59. Kf3 c2 60. Ke2 Rg1 61. Kd2 Rg2+ 62. Kc1 Rxg4 63. Kxc2 h5 64. Kd3 Kh6 65.
Ke3 Kg5 66. Kf3 Rf4+ 67. Kg3 Rxf5 68. Rc7 g6 69. Rh7 Ra5 70. Kf2 Kf5 0-1

[Event "21.Wörishofen-Seniorenen op"]
[Site "Bad Wörishofen (03.03.-11.03)"]
[Date "2005.03.04"]
[Round "2.53"]
[White "Mahrla, Hans,Dr."]
[Black "Schafroth, Georg"]
[Result "1-0"]
[WhiteElo "1626"]
[BlackElo "1367"]
[PlyCount "59"]
[EventDate "2005.03.??"]
[Source "Chessorg"]
[SourceDate "2005.12.10"]

1. e4 c5 2. Nf3 d6 3. d4 cxd4 4. Nxd4 Bd7 5. Nc3 a6 6. Be3 e6 7. Be2 Nf6 8. O-O
Be7 9. f4 Nc6 10. Bf3 Qc7 11. Qd2 h6 12. Rad1 O-O 13. Qf2 Bd8 14. Rd2 e5 15.
Nf5 Bxf5 16. exf5 Qe7 17. Nd5 Nxd5 18. Bxd5 Ba5 19. c3 Qd7 20. fxe5 Nxe5 21.
Qg3 Kh8 22. Bb3 Qc7 23. f6 Rg8 24. Qh4 Bb6 25. fxg7+ Rxg7 26. Qxh6+ Kg8 27.
Bxb6 Qxb6+ 28. Kh1 Rf8 29. Rxd6 Qc7 30. h3 1-0

[Event "21.Wörishofen-Seniorenen op"]
[Site "Bad Wörishofen (03.03.-11.03)"]
[Date "2005.03.04"]
[Round "2.54"]
[White "Manfeldt, Alfred"]
[Black "Wittelsberger, Helmut"]
[Result "0-1"]
[WhiteElo "1554"]
[BlackElo "1794"]
[PlyCount "58"]
[EventDate "2005.03.??"]
[Source "Chessorg"]
[SourceDate "2005.12.10"]

1. d4 Nf6 2. c4 e5 3. e3 exd4 4. exd4 d5 5. Nf3 Be7 6. Nc3 c6 7. Bd3 h6 8. Bf4
O-O 9. O-O Bd6 10. Be5 Bxe5 11. Nxe5 Nbd7 12. cxd5 Nxd5 13. Nxd5 cxd5 14. Rc1
Nxe5 15. dxe5 Qe7 16. Re1 Be6 17. Bb1 Rfc8 18. Qd3 g6 19. Rxc8+ Rxc8 20. Qe3
Qb4 21. b3 Kh7 22. h3 Rc3 23. Qxa7 Rxb3 24. Bxg6+ Kxg6 25. Rd1 Rb1 26. Rxb1
Qxb1+ 27. Kh2 Qb2 28. f4 d4 29. Qa4 Bd5 0-1

[Event "21.Wörishofen-Seniorenen op"]
[Site "Bad Wörishofen (03.03.-11.03)"]
[Date "2005.03.04"]
[Round "2.55"]
[White "Ganslmayer, Herbert"]
[Black "Dombrowe, Eckehard"]
[Result "1-0"]
[WhiteElo "1855"]
[BlackElo "1631"]
[PlyCount "125"]
[EventDate "2005.03.??"]
[Source "Chessorg"]
[SourceDate "2005.12.10"]

1. d4 d5 2. e3 e6 3. f4 c5 4. c3 Nf6 5. Bd3 cxd4 6. exd4 Nc6 7. Nf3 Be7 8. O-O
O-O 9. Nbd2 Qc7 10. Ne5 Nxe5 11. fxe5 Nd7 12. Rf3 f5 13. Rh3 Rf7 14. Nf3 Qd8
15. g4 Nf8 16. g5 Ng6 17. Kh1 Bd7 18. Qe2 Qe8 19. Bd2 a6 20. Ng1 Nf8 21. Nf3 g6
22. Rg1 Bc6 23. Rhg3 b5 24. a3 a5 25. h4 b4 26. cxb4 axb4 27. axb4 Rb8 28. Qe1
Bb5 29. Bc2 Qc6 30. Bc3 Bxb4 31. Nd2 Be7 32. Qa1 Ra8 33. Qd1 Bd8 34. Nb3 Bb6
35. Qd2 Rfa7 36. Rc1 Ba4 37. Bb4 Bxb3 38. Rxb3 Ba5 39. Bxa5 Rxa5 40. Bxf5 Qe8
41. Bd3 Ra1 42. Bb1 Qf7 43. Qe3 Qe8 44. Qf3 Qf7 45. Qe3 Qe8 46. Rf1 R8a7 47.
Kg2 Rf7 48. Rxf7 Qxf7 49. Bd3 Ra7 50. Rb5 Rb7 51. Qf2 Qe7 52. Rxb7 Qxb7 53. Qc2
Qa7 54. Qc3 Qf7 55. Kg3 Qb7 56. b4 Nd7 57. b5 Nb6 58. h5 Kg7 59. Qc6 Qxc6 60.
bxc6 Na8 61. h6+ Kf7 62. Kf2 Ke7 63. Bxg6 1-0

[Event "21.Wörishofen-Seniorenen op"]
[Site "Bad Wörishofen (03.03.-11.03)"]
[Date "2005.03.04"]
[Round "2.56"]
[White "Seitz, Heinz[39Nbg]"]
[Black "Schuster, Herbert"]
[Result "0-1"]
[WhiteElo "1457"]
[BlackElo "1641"]
[PlyCount "138"]
[EventDate "2005.03.??"]
[Source "Chessorg"]
[SourceDate "2005.12.10"]

1. d4 Nf6 2. c4 e6 3. Nc3 d5 4. e3 c5 5. Nf3 Nc6 6. Bd3 dxc4 7. Bxc4 cxd4 8.
Nxd4 Nxd4 9. Qxd4 Qxd4 10. exd4 Bd7 11. O-O a6 12. Re1 Bb4 13. a3 Be7 14. d5
O-O 15. dxe6 Bxe6 16. Bxe6 fxe6 17. Rxe6 Kf7 18. Rb6 Bc5 19. Rxb7+ Kg6 20. h3
Rae8 21. Bd2 Bxf2+ 22. Kh1 Nh5 23. g4 Nf6 24. Rb4 Re6 25. Rf4 Be3 26. Bxe3 Rxe3
27. Kg2 Rd8 28. Raf1 h6 29. R4f3 Rxf3 30. Rxf3 Rd2+ 31. Rf2 Rd4 32. Re2 Kg5 33.
Kg3 Rd3+ 34. Kg2 Kh4 35. Ne4 Nxe4 36. Rxe4 Rd2+ 37. Kf3 Rd3+ 38. Kf4 g5+ 39.
Kf5 Kxh3 40. Ra4 Rd6 41. Re4 Rb6 42. b4 Kg3 43. Re3+ Kh4 44. Re5 Rb5 45. Rxb5
axb5 46. a4 bxa4 47. b5 a3 48. b6 a2 49. b7 a1=Q 50. b8=Q Qa5+ 51. Kg6 Kxg4 52.
Kxh6 Qa6+ 53. Kg7 Qe6 54. Qb4+ Kh5 55. Qc5 Qg6+ 56. Kf8 Qf6+ 57. Ke8 Kh4 58.
Qg1 g4 59. Qh1+ Kg5 60. Qc1+ Qf4 61. Qc5+ Kh4 62. Qe7+ Kh3 63. Qh7+ Kg2 64.
Qc2+ Kh3 65. Qh7+ Kg3 66. Qd3+ Qf3 67. Qd6+ Kf2 68. Qh2+ Kf1 69. Qc2 Qe2+ 0-1

[Event "21.Wörishofen-Seniorenen op"]
[Site "Bad Wörishofen (03.03.-11.03)"]
[Date "2005.03.04"]
[Round "2.57"]
[White "Sieghardt, Walter"]
[Black "Kreie, Guenter"]
[Result "0-1"]
[WhiteElo "1513"]
[BlackElo "1847"]
[PlyCount "87"]
[EventDate "2005.03.??"]
[Source "Chessorg"]
[SourceDate "2005.12.10"]

1. d4 Nf6 2. c4 e6 3. Nf3 Bb4+ 4. Nc3 Ne4 5. Qc2 f5 6. e3 O-O 7. Bd3 d5 8. cxd5
exd5 9. O-O Nc6 10. a3 Be7 11. Qb3 Nf6 12. Re1 Kh8 13. Qc2 Ne4 14. b4 Bf6 15.
Ne2 a6 16. Bb2 g5 17. Ne5 Qe8 18. Nxc6 bxc6 19. f3 Nd6 20. Ng3 Bg7 21. e4 fxe4
22. fxe4 dxe4 23. Bxe4 Nxe4 24. Qxe4 Bd7 25. Re2 Rf4 26. Qd3 Qf7 27. Rae1 Qd5
28. Re4 Raf8 29. Rxf4 Rxf4 30. Ne2 Re4 31. Rf1 Rg4 32. Rf2 h6 33. Kf1 c5 34.
Qf3 Re4 35. Qf7 Qxf7 36. Rxf7 Bb5 37. Rf2 cxd4 38. a4 Bc4 39. Ke1 d3 40. Bxg7+
Kxg7 41. Kd2 dxe2 42. Ke1 Rd4 43. Rxe2 Bxe2 44. Kxe2 0-1

[Event "21.Wörishofen-Seniorenen op"]
[Site "Bad Wörishofen (03.03.-11.03)"]
[Date "2005.03.04"]
[Round "2.58"]
[White "Schuler, Georg"]
[Black "Hoenig, Josef"]
[Result "1-0"]
[WhiteElo "1885"]
[BlackElo "1579"]
[PlyCount "79"]
[EventDate "2005.03.??"]
[Source "Chessorg"]
[SourceDate "2005.12.10"]

1. c4 e5 2. Nc3 Nf6 3. g3 c6 4. Nf3 d6 5. Bg2 Be7 6. O-O h6 7. Qc2 Be6 8. b3
Nbd7 9. Bb2 Nb6 10. d4 Qc7 11. Rad1 a6 12. e4 Bg4 13. h3 Bxf3 14. Bxf3 O-O 15.
Kg2 Rfe8 16. Ne2 Rac8 17. Qb1 a5 18. a4 Bf8 19. g4 Nh7 20. h4 Be7 21. Rh1 g6
22. Ng3 Bf8 23. Bc1 exd4 24. Rxd4 Bg7 25. Rd3 Nd7 26. h5 g5 27. Nf5 Ne5 28.
Rdd1 f6 29. Ba3 c5 30. Rd5 Re7 31. Rhd1 Rd8 32. Qc2 Nf8 33. Qd2 Nf7 34. Bb2 Ne6
35. Kf1 Nf4 36. Nxg7 Kxg7 37. Rf5 Ne5 38. Rxf4 gxf4 39. Qxf4 Rh8 40. Qf5 1-0

[Event "21.Wörishofen-Seniorenen op"]
[Site "Bad Wörishofen (03.03.-11.03)"]
[Date "2005.03.04"]
[Round "2.59"]
[White "Luebbers, Doris,Dr."]
[Black "Zacharias, Helmut"]
[Result "1-0"]
[WhiteElo "1414"]
[BlackElo "1340"]
[PlyCount "73"]
[EventDate "2005.03.??"]
[Source "Chessorg"]
[SourceDate "2005.12.10"]

1. d4 Nf6 2. Nf3 g6 3. e3 Bg7 4. c3 O-O 5. Bd3 d5 6. O-O Qd6 7. Nbd2 Nc6 8. Re1
e5 9. dxe5 Nxe5 10. Nxe5 Qxe5 11. h3 Be6 12. Nf3 Qd6 13. Qc2 c5 14. b3 a6 15.
a4 c4 16. bxc4 dxc4 17. Bf1 Rab8 18. Ba3 Qc7 19. Bxf8 Kxf8 20. Red1 Nd5 21. Nd4
b5 22. axb5 axb5 23. Rdb1 b4 24. cxb4 Nxb4 25. Qc3 Qc5 26. Rc1 Bxd4 27. exd4
Qd6 28. Qd2 Nc6 29. Rd1 Qd5 30. Ra2 Kg7 31. Rb2 Rd8 32. Qc3 Na5 33. Be2 f6 34.
Bf3 Qf5 35. Re2 Nb3 36. Bg4 Qa5 37. Qxa5 1-0